Psocología y aviación /
Se discute la relación actual entre Psicología y Aviación desde las posibilidades de inserción de profesionales en dicho campo en Costa Rica. Se explica cómo el interés y énfasis de intervención no han sido puestos en todas las áreas por igual (Factores Humanos, Entrenamiento, Investigación de Accid...
में बचाया:
| मुख्य लेखक: | |
|---|---|
| अन्य लेखक: | |
| स्वरूप: | मूलपाठ |
| विषय: | |
| टैग: |
टैग जोड़ें
कोई टैग नहीं, इस रिकॉर्ड को टैग करने वाले पहले व्यक्ति बनें!
|
MARC
| LEADER | 00000 a a2200000 04500 | ||
|---|---|---|---|
| 001 | 13744 | ||
| 003 | |||
| 040 | |||
| 100 | |a Leandro Rojas, Mauricio | ||
| 245 | |a Psocología y aviación / |c Mauricio Leandro Rojas ; Manuel Solano Beauregard | ||
| 520 | |a Se discute la relación actual entre Psicología y Aviación desde las posibilidades de inserción de profesionales en dicho campo en Costa Rica. Se explica cómo el interés y énfasis de intervención no han sido puestos en todas las áreas por igual (Factores Humanos, Entrenamiento, Investigación de Accidentes, Atención en Crisis y Selección de Personal) debido a la falta de profesionales en casi todas estas áreas y la existencia de algunos mitos en torno a este campo | ||
| 650 | |a SEGURIDAD AEREA | ||
| 650 | |a PSICOLOGIA | ||
| 650 | |a ASPECTOS PSICOLOGICOS | ||
| 650 | |a FORMACION PROFESIONAL | ||
| 650 | |a DESARROLLO DE RECURSOS HUMANOS | ||
| 650 | |a INVESTIGACION DE ACCIDENTES | ||
| 650 | |a ATENCION PSICOLOGICA | ||
| 650 | |a SELECCION DE PERSONAL | ||
| 650 | |a COSTA RICA | ||
| 700 | |a Solano Beauregard, Manuel | ||
| 773 | |g volumen 86, número 2; páginas 27-37 | ||
| 999 | |c 33163 |d 33163 | ||
